| 000 | 00729nam a2200253Ia 4500 | ||
|---|---|---|---|
| 003 | OSt | ||
| 005 | 20221007081740.0 | ||
| 006 | a|||||r|||| 00| 0 | ||
| 007 | ta | ||
| 008 | 221006b |||||||| |||| 00| 0 eng d | ||
| 020 | _a9780198803829 | ||
| 024 | _a46,127 | ||
| 037 | _cTextual | ||
| 040 |
_aFLL _cFLL _beng |
||
| 041 |
_2eng _aeng |
||
| 082 | _aW61:(Z), Q7 | ||
| 100 |
_aDEPAIGNE vincent Au. _9697981 |
||
| 245 | 0 |
_aLegitimacy gap _b secularism, relegion, and culture in comparative constitutional law |
|
| 250 | _a1st | ||
| 260 |
_aOxford _bOxford university press UK _c2017 |
||
| 300 |
_a228p. xii _ccm. |
||
| 942 |
_hW61:(Z), Q7 _cTEXL _2CC |
||
| 999 |
_c1164138 _d1164138 |
||